Online Catalogue and eLibrary

Searching Through the Crisis : (Record no. 818)

MARC details
000 -LEADER
fixed length control field 00309nam a2200097Ia 4500
008 - FIXED-LENGTH DATA ELEMENTS--GENERAL INFORMATION
fixed length control field 240331s9999 xx 000 0 und d
082 ## - DDC Classification
Class No. 230
Item Number - Author Mark DOR
100 ## - MAIN ENTRY--PERSONAL NAME
Personal name Dornberg, Ulrich
245 #0 - TITLE STATEMENT
Title Searching Through the Crisis :
Remainder of title Christians,Contextual Theology and Social Change in Sri Lanka in the 1970s 1980s
942 ## - Koha item type (Biblio)
Koha item type Books in Stacks (Lending)
Holdings
Lost status Damaged status Collection code Home library Current library Shelving location Date acquired Full call number Accession Number Item type
    Lending WERC Library WERC Library Social Science Cupboard 03/31/2024 230 DOR 1737 Books in Stacks (Lending)

© WERC Library